| 000 | 00940nam a2200265 a 4500 | ||
|---|---|---|---|
| 003 | BLK | ||
| 005 | 20250726094737.0 | ||
| 008 | 201211b bu |||||r|||| 00| | bu d | ||
| 020 | _a9789542728399 | ||
| 040 | _aBLK | ||
| 041 |
_aBUL _cBUL |
||
| 080 |
_aБългарска литература _b821.163.2 _x-312.4 _z821.163.2-312.4 |
||
| 100 |
_9394784 _aЛаптева, Гергана Гришева _eпърви автор |
||
| 139 |
_aЛаптева, Гергана Гришева _bЛ 24 |
||
| 245 |
_aТайната от Апамея _bроман _cГергана Лаптева |
||
| 260 |
_9209434 _aСофия _bЕгмонт България _c2022 _n978-954-27- ; 954-446- |
||
| 300 |
_a478 с. _c21 см |
||
| 380 | _aX | ||
| 500 | _aЗа автора: с. 478. | ||
| 852 |
_aЦб 314585 _bЦб |
||
| 942 |
_cKNG _n0 _s1 _05 |
||
| 944 |
_aCR _k30575 _lМартин Енчев |
||
| 999 |
_c474243 _d474243 |
||
| 999 | _d474243 | ||
| 999 | _d474243 | ||